Grow from within: (Record no. 36517)
[ view plain ]
| 000 -LEADER | |
|---|---|
| fixed length control field | 01046nam a22002897a 4500 |
| 005 - DATE AND TIME OF LATEST TRANSACTION | |
| control field | 20100603111217.0 |
| 008 - FIXED-LENGTH DATA ELEMENTS--GENERAL INFORMATION | |
| fixed length control field | 100603t xxu||||| |||| 00| 0 eng d |
| 010 ## - LCCN (DPL NO) | |
| LC control number | ENG-96283 |
| 020 ## - INTERNATIONAL STANDARD BOOK NUMBER | |
| International Standard Book Number | 978070683648 |
| Terms of availability | 575.00 |
| 020 ## - INTERNATIONAL STANDARD BOOK NUMBER | |
| International Standard Book Number | 0070683646 |
| Terms of availability | 575.00 |
| 035 ## - SYSTEM CONTROL NUMBER | |
| System control number | EN-79816 |
| 037 ## - SOURCE OF ACQUISITION | |
| Source of stock number/acquisition | DBAD/PUB |
| 040 ## - CATALOGING SOURCE | |
| Original cataloging agency | DPL |
| Language of cataloging | ENG |
| 082 ## - DEWEY DECIMAL CLASSIFICATION NUMBER | |
| Classification number | 658.4063 |
| 100 ## - MAIN ENTRY--PERSONAL NAME | |
| Personal name | Wolcott Robert C. |
| 9 (RLIN) | 21812 |
| 245 ## - TITLE STATEMENT | |
| Title | Grow from within: |
| Remainder of title | mastering corporate entrepreneurship and innovation / |
| Statement of responsibility, etc | by Robert C. Wolcott [and] Michael J. Lippitz |
| 260 ## - PUBLICATION, DISTRIBUTION, ETC. (IMPRINT) | |
| Place of publication, distribution, etc | New Delhi |
| Name of publisher, distributor, etc | Tata McGraw Hill Education |
| Date of publication, distribution, etc | 2010 |
| 270 ## - ADDRESS | |
| Address | 7 West Patel Nagar |
| City | New Delhi |
| Postal code | 110008 |
| 300 ## - PHYSICAL DESCRIPTION | |
| Extent | xii,260p.; |
| Dimensions | 22 cm. (Hb) |
| 500 ## - GENERAL NOTE | |
| General note | includes index |
| 650 ## - SUBJECT ADDED ENTRY--TOPICAL TERM | |
| Topical term or geographic name as entry element | Entrepreneurship |
| 9 (RLIN) | 21813 |
| 650 ## - SUBJECT ADDED ENTRY--TOPICAL TERM | |
| Topical term or geographic name as entry element | Nwe business enterprizes |
| 9 (RLIN) | 21814 |
| 650 ## - SUBJECT ADDED ENTRY--TOPICAL TERM | |
| Topical term or geographic name as entry element | New produets |
| 9 (RLIN) | 21815 |
| 700 ## - ADDED ENTRY--PERSONAL NAME | |
| Personal name | Lippitz J. Michael |
| 9 (RLIN) | 21816 |
| 942 ## - ADDED ENTRY ELEMENTS (KOHA) | |
| Source of classification or shelving scheme | Dewey Decimal Classification |
| Item type | English Books |
| Call number suffix | WOL |
| Classification part | 658.4063 |
| Withdrawn status | Lost status | Source of classification or shelving scheme | Damaged status | Not for loan | Collection code | Home library | Current library | Date acquired | Source of acquisition | Cost, normal purchase price | Total Checkouts | Full call number | Barcode | Date last seen | Copy number | Cost, replacement price | Koha item type |
|---|---|---|---|---|---|---|---|---|---|---|---|---|---|---|---|---|---|
| Dewey Decimal Classification | Not For Loan | Non-fiction | D.B.Act.Division | D.B.Act.Division | 10/05/2010 | DBAD/PUB | 575.00 | WOL | EN-79816 | 03/06/2010 | 1 | 575.00 | English Books |
